| 000 | 00494 a2200205 4500 | ||
|---|---|---|---|
| 001 | 133068 | ||
| 020 | _a85-06-01084-5 | ||
| 040 | _cLeonardo Da Vinci | ||
| 041 | _aPortuguês | ||
| 082 |
_aI P732s _bP732s |
||
| 100 | _aPINTO, Ziraldo Alves | ||
| 245 | _aUm sorriso chamado Luiz | ||
| 250 | _a8.ed | ||
| 260 |
_bMelhoramentos _c1987 _aSão Paulo |
||
| 300 | _a25 | ||
| 362 | _a19870000 | ||
| 490 | _aCorpim | ||
| 697 |
_aLiteratura infantil _aLiteratura infanto juvenil |
||
| 942 | _cBK | ||
| 999 |
_c133068 _d133068 |
||